1794 1297 1616 1669 1445 1319 1288 1936 1876 1421 1030 1163 1705 1635 1427 1382 1460 1421 1524 1786 1259 1376 1720 1937 1184 1729 1815 1801 1312 1662 1721 1961 1724 1256 1471 1216 1146 1277 1905 1462 1571 1304 1083 1906 1540 1135 1612 1441 1478 1582 1740 1679 1391 1753 1169 1385 1406 1126 1794 1885 1599 1594 1117 1546 1733 1544 1928 1359 1179 1614 1327 1089 1688 1222 1248 1815 1128 1058 1444 1840 1734 1650 1608 1980 1121 1136 1592 1181 1442 1761 1511 1538 1984 1885 1202 1605 1108 1598 1264 BCNSPRNW ULIB Ver.6.0+V

เปลี่ยนเป็นภาษาไทย

Change to English
 แสดงรายละเอียดบรรณานุกรม
  กลับหน้าหลัก

Brief Record : Get Marc (ISO 2709) : E-mail record : QR code < ปิดหน้าต่าง
LEADER : 00000nas 2200000uu 4500
001    13399123143
003     ULIB
008    020711s|||| th a 000 0 tha d
022    16865081
110    วิทยาลัยพยาบาลพระจอมเกล้า เพชรบุรี
245    วารสารการพยาบาลและกระทรวงสาธารณสุข วิทยาลัยเครือข่ายภาคกลาง 2(วิทยาเขตนครสวรรค์)/^cวิทยาลัยพยาบาลพระจอมเกล้า เพชรบุรี
260    เพชรบุรี :^bวิทยาลัยพยาบาลพระจอมเกล้า เพชรบุรี,^cม.ป.ป.
310    ^aราย 6 เดือน
850 ^a ULIB:campus^bปีที่ 9 ฉบับที่ 2 ;ปีที่ 10 ฉบับที่ 1
945    ^p0^l0^i800853
945    ^p0^l0^i800854
รายการนี้ยังไม่มีแท็ก
คุณยังไม่ได้ล็อกอิน คุณสามารถมีกิจกรรมร่วมกับเว็บไซต์ได้ แต่ต้องล็อกอินก่อน ::
  ล็อกอิน

รายการสื่อสารสนเทศ (วารสาร)

ดูแบบ: กล่อง รายการ
ARRIVED
ปีที่ 9 ฉบับที่ 2
สถานที่: ห้องสมุดวิทยาเขตนครสวรรค์ >วารสาร
ARRIVED
ปีที่ 10 ฉบับที่ 1
สถานที่: ห้องสมุดวิทยาเขตนครสวรรค์ >วารสาร

BibComment


ยังไม่เคยถูกคอมเมนท์

คอมเมนท์ทรัพยากรรายการนี้
  คอมเมนท์: วารสารการพยาบาลแล..


 Copyright 2026. Bcnsprnw @Library